<?xml version="1.0" encoding="UTF-8"?>
<record
    xmlns:xsi="http://www.w3.org/2001/XMLSchema-instance"
    xsi:schemaLocation="http://www.loc.gov/MARC21/slim http://www.loc.gov/standards/marcxml/schema/MARC21slim.xsd"
    xmlns="http://www.loc.gov/MARC21/slim">

  <leader>00869nam0a22002531  4500</leader>
  <controlfield tag="001">rc\2604112</controlfield>
  <controlfield tag="005">20250623132229.0</controlfield>
  <datafield tag="035" ind1=" " ind2=" ">
    <subfield code="a">(NLR Aleph) 006768134</subfield>
  </datafield>
  <datafield tag="090" ind1=" " ind2=" ">
    <subfield code="a">5915765</subfield>
    <subfield code="c">5915765</subfield>
  </datafield>
  <datafield tag="100" ind1=" " ind2=" ">
    <subfield code="a">20110914d1930    |||y0rusy50      ca</subfield>
  </datafield>
  <datafield tag="101" ind1="0" ind2=" ">
    <subfield code="a">rus</subfield>
  </datafield>
  <datafield tag="102" ind1=" " ind2=" ">
    <subfield code="a">RU</subfield>
  </datafield>
  <datafield tag="105" ind1=" " ind2=" ">
    <subfield code="a">a   z   |||||</subfield>
  </datafield>
  <datafield tag="200" ind1="1" ind2=" ">
    <subfield code="a">&#x41F;&#x44F;&#x442;&#x438;&#x43B;&#x435;&#x442;&#x43D;&#x438;&#x439; &#x43F;&#x43B;&#x430;&#x43D; &#x441;&#x430;&#x445;&#x430;&#x440;&#x43D;&#x43E;&#x439; &#x43F;&#x440;&#x43E;&#x43C;&#x44B;&#x448;&#x43B;&#x435;&#x43D;&#x43D;&#x43E;&#x441;&#x442;&#x438;</subfield>
    <subfield code="f">&#x418;. &#x41C;. &#x411;&#x44B;&#x43A;</subfield>
    <subfield code="g">&#x41F;&#x440;&#x430;&#x432;&#x43B;. &#x421;&#x43E;&#x44E;&#x437;&#x441;&#x430;&#x445;&#x430;&#x440;&#x430; &#x421;&#x421;&#x421;&#x420;</subfield>
  </datafield>
  <datafield tag="210" ind1=" " ind2=" ">
    <subfield code="a">&#x41C;&#x43E;&#x441;&#x43A;&#x432;&#x430;</subfield>
    <subfield code="c">&#x413;&#x43E;&#x441;. &#x442;&#x435;&#x445;&#x43D;.&#x438;&#x437;&#x434;-&#x432;&#x43E;</subfield>
    <subfield code="d">[1930]</subfield>
    <subfield code="g">&#x426;&#x435;&#x43D;&#x442;&#x440;. &#x442;&#x438;&#x43F;. &#x41D;&#x41A;&#x412;&#x41C;</subfield>
  </datafield>
  <datafield tag="215" ind1=" " ind2=" ">
    <subfield code="a">68 &#x441;., 1 &#x43B;. &#x432;&#x43A;&#x43B;. &#x43B;. &#x434;&#x438;&#x430;&#x433;&#x440;.</subfield>
    <subfield code="c">&#x434;&#x438;&#x430;&#x433;&#x440;.</subfield>
    <subfield code="d">21&#x445;15 &#x441;&#x43C;.</subfield>
  </datafield>
  <datafield tag="700" ind1=" " ind2="1">
    <subfield code="a">&#x411;&#x44B;&#x43A;</subfield>
    <subfield code="b">&#x418;.&#x41C;.</subfield>
    <subfield code="g">&#x418;&#x43E;&#x441;&#x438;&#x444; &#x41C;&#x43E;&#x438;&#x441;&#x435;&#x435;&#x432;&#x438;&#x447;</subfield>
  </datafield>
  <datafield tag="712" ind1="0" ind2="2">
    <subfield code="a">"&#x421;&#x43E;&#x44E;&#x437;&#x441;&#x430;&#x445;&#x430;&#x440; &#x421;&#x421;&#x421;&#x420;"</subfield>
  </datafield>
  <datafield tag="801" ind1=" " ind2="0">
    <subfield code="a">RU</subfield>
    <subfield code="b">NLR</subfield>
    <subfield code="g">psbo</subfield>
  </datafield>
  <datafield tag="801" ind1=" " ind2="1">
    <subfield code="a">RU</subfield>
    <subfield code="b">ELAR</subfield>
    <subfield code="2">rusmarc</subfield>
  </datafield>
  <datafield tag="852" ind1=" " ind2=" ">
    <subfield code="a">NLR</subfield>
    <subfield code="j">30.10/967</subfield>
  </datafield>
  <datafield tag="942" ind1=" " ind2=" ">
    <subfield code="c">BOOK</subfield>
  </datafield>
  <datafield tag="980" ind1=" " ind2=" ">
    <subfield code="a">NB</subfield>
  </datafield>
  <datafield tag="995" ind1=" " ind2=" ">
    <subfield code="5">2013-10-26</subfield>
    <subfield code="b">NLR02</subfield>
    <subfield code="c">NLR02</subfield>
    <subfield code="e">RFS</subfield>
    <subfield code="f">6768134-10</subfield>
    <subfield code="k">30.10/967</subfield>
    <subfield code="o">0</subfield>
    <subfield code="r">BOOK</subfield>
    <subfield code="s">3010967_</subfield>
  </datafield>
</record>
